000 00615nam a2200181 i 4500
001 146941
003 ES-MaACL
005 20230906201735.0
007 t|
008 070919s1963 sp ||||1| spa d
100 1 _aTuellmann, Adolf.
_9111641
245 1 0 _aVida amorosa de los pueblos naturales
_b: (el amor en los pueblos primitivos) /
_cAdolf Tuellmann ; [versión castellana de Juan Godó Costa].
250 _a[1ª ed. española].
260 _aBarcelona :
_bEdiciones Corona,
_c1963.
300 _a356 p. :
_bil. ;
_c24 cm.
700 1 _aGodo Costa, Juan.
_957532
852 _aES-MaACL
_jC-24791
_bR.53485
999 _c146941
_d146941